| 000 | 00976nam a2200205 i 4500 | ||
|---|---|---|---|
| 001 | 56961 | ||
| 003 | ES-MaACL | ||
| 005 | 20230906163503.0 | ||
| 007 | t| | ||
| 008 | 031014s1982 sp ||||1| spa d | ||
| 110 | 1 |
_aEspaña. _bDirección General de Pesca Marítima. _93765 |
|
| 245 | 1 | 0 |
_aMemoria y documentos presentados en la Consulta Técnica sobre utilización de las especies pelágicas pequeñas en el área Mediterránea : _bMadrid, 11-14 de mayo de 1981 / _cDirección General de Pesca Marítima, Consejo General de Pesca del Mediterráneo (FAO), Instituto del Frío. |
| 260 |
_aMadrid : _bServicio de Publicaciones Agrarias, _c[1982] |
||
| 300 |
_a224 p. : _bgráf. ; _c25 cm. |
||
| 650 | 4 |
_aPesca- _zMediterráneo. _9172213 |
|
| 710 | 2 |
_aConsejo General de Pesca del Mediterráneo. _9172214 |
|
| 710 | 2 |
_aInstituto del Frío. _9172215 |
|
| 710 | 1 |
_aEspaña. _bMinisterio de Agricultura. _bServicio de Publicaciones Agrarias. _9172211 |
|
| 852 |
_aES-MaACL _jL-4241 |
||
| 999 |
_c56961 _d56961 |
||